Understanding Japjee Sahib: (Record no. 211651)

MARC details
000 -LEADER
fixed length control field 00579nam a22001817a 4500
005 - DATE AND TIME OF LATEST TRANSACTION
control field 20250609112521.0
010 ## - LCCN (DPL NO)
LC control number ENG-145223
020 ## - INTERNATIONAL STANDARD BOOK NUMBER
Terms of availability 695.00
International Standard Book Number 9789383649013
035 ## - SYSTEM CONTROL NUMBER
System control number EN-128755
037 ## - SOURCE OF ACQUISITION
Source of stock number/acquisition DBAD
082 ## - DEWEY DECIMAL CLASSIFICATION NUMBER
Classification number 260
100 ## - MAIN ENTRY--PERSONAL NAME
Personal name Wadva, Satjit
245 ## - TITLE STATEMENT
Title Understanding Japjee Sahib:
Remainder of title The Essence of Guru Granth Sahib/
Statement of responsibility, etc Satjit Wadva
260 ## - PUBLICATION, DISTRIBUTION, ETC. (IMPRINT)
Place of publication, distribution, etc New Delhi
Name of publisher, distributor, etc KW Publishers Pvt Ltd
Date of publication, distribution, etc 2014
270 ## - ADDRESS
City New Delhi
Address KW Publishers Pvt Ltd;
Postal code 110002
Telephone number 91 1143528107
-- 91 1143528107
300 ## - PHYSICAL DESCRIPTION
Extent 141p.
Dimensions 19cm(hb)
942 ## - ADDED ENTRY ELEMENTS (KOHA)
Source of classification or shelving scheme Dewey Decimal Classification
Item type English Books
Classification part 260
Call number suffix WAD
Holdings
Withdrawn status Lost status Not for loan Collection code Home library Current library Date acquired Source of acquisition Cost, normal purchase price Full call number Barcode Copy number Cost, replacement price Koha item type
      Non-fiction RC3 Shakur Pur RC3 Shakur Pur 09/06/2025 Delivery of Books Act Division 695.00 260 WAD EN-128755 1 695.00 English Books

© Delhi Public Library
Hit Counter
free hit counter